[Event "I Open Salinello A"]
[Site "Tortoreto ITA"]
[Date "2015.05.31"]
[Round "7"]
[White "Dvirnyy, Danyyil"]
[Black "Maiorov, Nikita"]
[WhiteElo "2540"]
[BlackElo "2563"]
[Result "1/2-1/2"]
[PlyCount "50"]
[EventDate "2015.05.26"]

1. e4 e5 2. Nf3 Nc6 3. Bc4 Bc5 4. c3 Nf6 5. d3 a6 6. Bb3 d6 7. O-O Ba7 8. Nbd2
O-O 9. h3 Ne7 10. Re1 Ng6 11. Nf1 b5 12. Ng3 Bb7 13. d4 h6 14. a4 Re8 15. Bc2
c5 16. Be3 Qc7 17. Qd2 Kh7 18. Nf5 Nxe4 19. Qc1 cxd4 20. Bxh6 d3 21. Ng5+ Nxg5
22. Qxg5 Qc6 23. Bxd3 Qxg2+ 24. Qxg2 Bxg2 25. Kxg2 gxh6 1/2-1/2

[Event "I Open Salinello A"]
[Site "Tortoreto ITA"]
[Date "2015.05.31"]
[Round "7"]
[White "Greenfeld, Alon"]
[Black "Bruno, Fabio"]
[WhiteElo "2544"]
[BlackElo "2425"]
[Result "1-0"]
[PlyCount "79"]
[EventDate "2015.05.26"]

1. c4 Nf6 2. Nc3 c5 3. Nf3 e6 4. g3 d5 5. cxd5 Nxd5 6. Bg2 Nc6 7. O-O Be7 8. d4
O-O 9. Nxd5 exd5 10. dxc5 Bxc5 11. Bg5 Qd7 12. Rc1 Bb6 13. Ne1 h6 14. Bd2 Qe7
15. Nd3 Be6 16. Re1 Rad8 17. Qa4 Bf5 18. Nb4 Be4 19. Nxc6 bxc6 20. Rxc6 Rfe8
21. Bxe4 dxe4 22. Bc3 Rd5 23. e3 Red8 24. Rc4 f5 25. Bd4 Bxd4 26. Rxd4 Rxd4 27.
exd4 Qf7 28. b3 Kh7 29. Qb4 Qd5 30. Qc5 a5 31. Rc1 Qf7 32. Qe5 Qh5 33. h4 Rd7
34. Qe6 Rf7 35. d5 Rf6 36. Qe5 Qg6 37. Rc7 h5 38. Kh2 f4 39. gxf4 Qg4 40. Qxf6
1-0

[Event "I Open Salinello A"]
[Site "Tortoreto ITA"]
[Date "2015.05.31"]
[Round "7"]
[White "Korneev, Oleg"]
[Black "Basso, Pier Luigi"]
[WhiteElo "2572"]
[BlackElo "2429"]
[Result "1/2-1/2"]
[PlyCount "51"]
[EventDate "2015.05.26"]

1. e4 e5 2. Bc4 Nc6 3. Nf3 Bc5 4. O-O Nf6 5. d3 O-O 6. Nbd2 d6 7. c3 a5 8. a4
Ba7 9. h3 Ne7 10. Re1 c6 11. Nf1 Ng6 12. Ng3 Re8 13. Ba2 d5 14. Qc2 h6 15. d4
dxe4 16. Nxe5 Nxe5 17. dxe5 Rxe5 18. Bf4 e3 19. Bxe5 exf2+ 20. Kh1 fxe1=Q+ 21.
Rxe1 Ng4 22. Bc7 Nf2+ 23. Kh2 Ng4+ 24. Kh1 Nf2+ 25. Kh2 Ng4+ 26. Kh1 1/2-1/2

[Event "I Open Salinello A"]
[Site "Tortoreto ITA"]
[Date "2015.05.31"]
[Round "7"]
[White "Pap, Misa"]
[Black "Sibilio, Mario"]
[WhiteElo "2488"]
[BlackElo "2295"]
[Result "1/2-1/2"]
[PlyCount "109"]
[EventDate "2015.05.26"]

1. e4 c5 2. Nf3 g6 3. c3 Bg7 4. Bc4 d6 5. d4 cxd4 6. cxd4 Nf6 7. Qe2 d5 8. exd5
Nxd5 9. Nc3 Nb6 10. Bb3 O-O 11. O-O Bg4 12. d5 N8d7 13. h3 Bxf3 14. Qxf3 Ne5
15. Qe2 Rc8 16. Bg5 h6 17. Bh4 g5 18. Bg3 Nec4 19. Rac1 Qd7 20. f4 Na5 21. Bc2
Nxd5 22. fxg5 Nxc3 23. bxc3 Rxc3 24. Be5 Qe6 25. Rfe1 Qxe5 26. Qxe5 Bxe5 27.
Rxe5 Rfc8 28. Rxa5 Rxc2 29. Rxc2 Rxc2 30. gxh6 Kh7 31. Rxa7 Rb2 32. a4 Kxh6 33.
Ra5 Ra2 34. Kh2 Ra3 35. h4 f6 36. g3 b5 37. Ra7 Rxa4 38. Rxe7 Rc4 39. Rb7 b4
40. Rb5 Kg6 41. h5+ Kh6 42. Kh3 Re4 43. g4 Re3+ 44. Kh4 b3 45. Rb6 Kg7 46. Rb7+
Kh6 47. Rb5 Rd3 48. Rb8 Rc3 49. Rh8+ Kg7 50. Rb8 Rd3 51. Rb4 Rc3 52. Rb7+ Kh6
53. Rf7 Rc6 54. Rb7 Rc3 55. Rb6 1/2-1/2

[Event "I Open Salinello A"]
[Site "Tortoreto ITA"]
[Date "2015.05.31"]
[Round "7"]
[White "Stopa, Jacek"]
[Black "Sprenger, Jan Michael"]
[WhiteElo "2528"]
[BlackElo "2503"]
[Result "1/2-1/2"]
[PlyCount "85"]
[EventDate "2015.05.26"]

1. d4 d5 2. c4 dxc4 3. Nf3 Nf6 4. e3 e6 5. Bxc4 c5 6. O-O a6 7. dxc5 Bxc5 8.
Qxd8+ Kxd8 9. Ne5 Ke7 10. Be2 Nbd7 11. Nc4 b6 12. Nc3 a5 13. Na4 Ba6 14. Nxc5
Nxc5 15. b3 Nfe4 16. Bb2 Bxc4 17. Bxc4 Nd2 18. Rfc1 Nxc4 19. Rxc4 f6 20. Ba3
Rac8 21. Kf1 e5 22. Rac1 Kd6 23. b4 axb4 24. Bxb4 Rc6 25. a4 Rhc8 26. e4 Kd7
27. Bxc5 Rxc5 28. Rxc5 bxc5 29. Ke2 Kc6 30. Ra1 Rb8 31. Ra2 Rb4 32. f3 Kb6 33.
a5+ Ka6 34. Kd3 g6 35. Kc3 f5 36. exf5 gxf5 37. Re2 e4 38. fxe4 fxe4 39. Rf2 e3
40. Re2 Kxa5 41. Rxe3 Kb5 42. Rh3 Rg4 43. Rxh7 1/2-1/2

[Event "I Open Salinello A"]
[Site "Tortoreto ITA"]
[Date "2015.05.31"]
[Round "7"]
[White "Strikovic, Aleksa"]
[Black "Boruchovsky, Avital"]
[WhiteElo "2526"]
[BlackElo "2517"]
[Result "1/2-1/2"]
[PlyCount "116"]
[EventDate "2015.05.26"]

1. e4 e5 2. Nf3 Nc6 3. d4 exd4 4. Nxd4 Bc5 5. Nxc6 Qf6 6. Qf3 bxc6 7. Nc3 Bd4
8. Bd2 Qxf3 9. gxf3 Ne7 10. f4 Rb8 11. Na4 d6 12. c3 Bf6 13. O-O-O c5 14. b3
Bg4 15. Re1 Bf3 16. Rg1 Bh4 17. Bg2 Bxg2 18. Rxg2 Ng6 19. f5 Ne5 20. Re3 c4 21.
Kc2 g5 22. Rh3 h5 23. f4 g4 24. Rxh4 Nf3 25. Rgxg4 Ke7 26. Rg3 Nxh4 27. Rh3 Ng2
28. Nb2 Kf6 29. Nxc4 h4 30. Be3 Ke7 31. e5 Rh5 32. exd6+ cxd6 33. Bxa7 Rg8 34.
a4 Nxf4 35. Rf3 Rg2+ 36. Rf2 Rhg5 37. Nd2 Nd5 38. a5 h3 39. Kd3 R5g3+ 40. Kc4
Rxc3+ 41. Kxd5 Rd3+ 42. Kc6 Rxf2 43. Bxf2 Rxd2 44. Bg3 Rc2+ 45. Kb6 Rc3 46.
Bh4+ Kd7 47. Be1 Re3 48. Bd2 Re4 49. b4 Re2 50. Bf4 Rf2 51. Bg3 Rg2 52. Bf4 Rg4
53. Bd2 Rd4 54. Be1 Rd1 55. Bg3 Rd3 56. Be1 Re3 57. Bf2 Re2 58. Bg3 Re3 1/2-1/2

[Event "I Open Salinello A"]
[Site "Tortoreto ITA"]
[Date "2015.05.31"]
[Round "7"]
[White "Valsecchi, Alessio"]
[Black "Raznikov, Danny"]
[WhiteElo "2445"]
[BlackElo "2484"]
[Result "1-0"]
[PlyCount "81"]
[EventDate "2015.05.26"]

1. e4 e5 2. d4 exd4 3. Qxd4 Nc6 4. Qe3 Nf6 5. Nc3 Bb4 6. Bd2 O-O 7. O-O-O Re8
8. Qg3 Rxe4 9. a3 Bd6 10. f4 Re8 11. Nf3 Bf8 12. Bd3 d5 13. Rhe1 Ne7 14. Ne5
Nf5 15. Qf2 c6 16. g4 Nd6 17. h3 Nfe4 18. Nxe4 dxe4 19. Bf1 Be6 20. f5 Bd5 21.
Bf4 f6 22. Nc4 Nxc4 23. Bxc4 Qa5 24. Qd4 Red8 25. Bd2 Qb6 26. Qxe4 Kh8 27. Bxd5
cxd5 28. Qd3 Rac8 29. Re6 Qc7 30. Rde1 Bd6 31. Kb1 Be5 32. Bb4 h6 33. h4 Qc4
34. g5 Qxh4 35. gxh6 gxh6 36. R1xe5 fxe5 37. Qe3 Kh7 38. Re7+ Kg8 39. Qxe5 Qg5
40. Qe6+ Kh8 41. Qf7 1-0

[Event "I Open Salinello A"]
[Site "Tortoreto ITA"]
[Date "2015.06.01"]
[Round "8"]
[White "Boruchovsky, Avital"]
[Black "Stopa, Jacek"]
[WhiteElo "2517"]
[BlackElo "2528"]
[Result "1/2-1/2"]
[PlyCount "106"]
[EventDate "2015.05.26"]

1. e4 e5 2. Nf3 Nc6 3. Bb5 a6 4. Ba4 Nge7 5. c3 g6 6. d4 exd4 7. cxd4 b5 8. Bc2
Bg7 9. d5 Na5 10. Bd2 c5 11. Bc3 Bxc3+ 12. Nxc3 d6 13. h3 O-O 14. b3 b4 15. Ne2
Qb6 16. Qd2 Ra7 17. O-O c4 18. Rfc1 Rc7 19. e5 c3 20. Qh6 f6 21. exf6 Nxd5 22.
Nf4 Nxf4 23. Qxf4 Rcf7 24. a3 Rxf6 25. Qxb4 Qxb4 26. axb4 Nc6 27. Be4 Nxb4 28.
Rxc3 d5 29. Bb1 Bd7 30. Ra5 Rf4 31. Bd3 Bxh3 32. Bxa6 Bg4 33. Be2 d4 34. Rc7 d3
35. Raa7 R4f7 36. Rxf7 Rxf7 37. Rxf7 Kxf7 38. Ne5+ Ke6 39. Nxd3 Bxe2 40. Nf4+
Ke5 41. Nxe2 Ke4 42. f3+ Ke3 43. Nc3 g5 44. Kh2 h5 45. Kg3 Kd4 46. Ne4 g4 47.
fxg4 hxg4 48. Nf2 Nc2 49. Nd1 Ne1 50. Kf2 Nxg2 51. Kxg2 Kc5 52. Kg3 Kb4 53.
Kxg4 Kxb3 1/2-1/2

[Event "I Open Salinello A"]
[Site "Tortoreto ITA"]
[Date "2015.06.01"]
[Round "8"]
[White "Bruno, Fabio"]
[Black "Sibilio, Mario"]
[WhiteElo "2425"]
[BlackElo "2295"]
[Result "1-0"]
[PlyCount "91"]
[EventDate "2015.05.26"]

1. d4 Nf6 2. Nf3 d6 3. c4 Nbd7 4. Nc3 e5 5. e4 Be7 6. Be2 O-O 7. O-O exd4 8.
Nxd4 Re8 9. Be3 Bf8 10. f3 c6 11. Rc1 a5 12. Qd2 Nc5 13. Rfd1 Qe7 14. Nb3 Nfd7
15. Nxc5 dxc5 16. Bf1 a4 17. Qc2 Nb6 18. Ne2 f5 19. Ng3 Qf7 20. Qd2 Be6 21. b3
axb3 22. axb3 g6 23. exf5 gxf5 24. Bf2 Nd7 25. Re1 Bg7 26. Rcd1 Rad8 27. Qc2
Bf8 28. Bd3 f4 29. Ne4 Be7 30. Qc1 b6 31. Nc3 Bf8 32. Be4 Nb8 33. Na4 Rxd1 34.
Rxd1 Qc7 35. Qc2 Re7 36. Bf5 Bxf5 37. Qxf5 Bg7 38. Nxb6 Qxb6 39. Bxc5 Qa5 40.
b4 Bd4+ 41. Kf1 Qa2 42. Qg5+ Rg7 43. Qd8+ Kf7 44. Qe7+ Kg6 45. Qe8+ Kh6 46.
Qe6+ 1-0

[Event "I Open Salinello A"]
[Site "Tortoreto ITA"]
[Date "2015.06.01"]
[Round "8"]
[White "Dvirnyy, Danyyil"]
[Black "Basso, Pier Luigi"]
[WhiteElo "2540"]
[BlackElo "2429"]
[Result "1-0"]
[PlyCount "79"]
[EventDate "2015.05.26"]

1. e4 e5 2. Nf3 Nc6 3. Bb5 Nf6 4. Nc3 Bb4 5. O-O O-O 6. d3 d6 7. Bg5 Ne7 8. Nh4
c6 9. Bc4 d5 10. Bb3 a5 11. a4 Bxc3 12. bxc3 dxe4 13. dxe4 Ng6 14. Nxg6 hxg6
15. Qxd8 Rxd8 16. f4 Re8 17. fxe5 Rxe5 18. Bxf6 gxf6 19. Rxf6 Be6 20. Bxe6 Rxe6
21. Rxe6 fxe6 22. Kf2 b5 23. axb5 cxb5 24. Ke3 e5 25. c4 bxc4 26. Kd2 Rd8+ 27.
Ke3 Ra8 28. Kd2 Rd8+ 29. Kc3 Rd4 30. Rxa5 Rxe4 31. Rc5 Re2 32. g4 Rxh2 33. Rxe5
Rg2 34. Re4 Kf7 35. Rxc4 Kf6 36. Re4 Kg5 37. Kd3 Rg3+ 38. Kd4 Rg1 39. c4 Rd1+
40. Ke5 1-0

[Event "I Open Salinello A"]
[Site "Tortoreto ITA"]
[Date "2015.06.01"]
[Round "8"]
[White "Garcia Palermo, Carlos Horacio"]
[Black "Greenfeld, Alon"]
[WhiteElo "2427"]
[BlackElo "2544"]
[Result "1/2-1/2"]
[PlyCount "34"]
[EventDate "2015.05.26"]

1. c4 c5 2. g3 Nf6 3. Bg2 Nc6 4. Nc3 e6 5. Nf3 Be7 6. O-O d5 7. cxd5 Nxd5 8.
Nxd5 exd5 9. d4 O-O 10. dxc5 Bxc5 11. Qd3 Bg4 12. a3 Bb6 13. Ng5 g6 14. h3 Bf5
15. Qxd5 Nd4 16. Ne4 Nxe2+ 17. Kh2 Nxc1 1/2-1/2

[Event "I Open Salinello A"]
[Site "Tortoreto ITA"]
[Date "2015.06.01"]
[Round "8"]
[White "Maiorov, Nikita"]
[Black "Valsecchi, Alessio"]
[WhiteElo "2563"]
[BlackElo "2445"]
[Result "1/2-1/2"]
[PlyCount "59"]
[EventDate "2015.05.26"]

1. d4 Nf6 2. c4 g6 3. g3 Bg7 4. Bg2 d5 5. Nf3 O-O 6. O-O c6 7. Nbd2 a5 8. b3
Ne4 9. e3 Bf5 10. Bb2 a4 11. Qc1 axb3 12. axb3 Rxa1 13. Qxa1 Na6 14. Qa3 Qd7
15. Nxe4 Bxe4 16. Ra1 Rd8 17. Qa5 c5 18. Bh3 Qc7 19. Nd2 Bf5 20. Bxf5 gxf5 21.
cxd5 Rxd5 22. Nc4 Qxa5 23. Rxa5 e6 24. Kf1 cxd4 25. exd4 Rd7 26. Rb5 Bxd4 27.
Bxd4 Rxd4 28. Na5 Rd2 29. Nxb7 Nc7 30. Ra5 1/2-1/2

[Event "I Open Salinello A"]
[Site "Tortoreto ITA"]
[Date "2015.06.01"]
[Round "8"]
[White "Moroni, Luca jr"]
[Black "De Santis, Alessio"]
[WhiteElo "2437"]
[BlackElo "2267"]
[Result "1-0"]
[PlyCount "151"]
[EventDate "2015.05.26"]

1. d4 Nf6 2. Nf3 b6 3. g3 Bb7 4. Bg2 c5 5. c4 cxd4 6. Qxd4 Nc6 7. Qd1 Ne5 8.
Nbd2 g6 9. O-O Nxf3+ 10. Nxf3 Bg7 11. Be3 O-O 12. Qb3 Ng4 13. Bf4 d6 14. h3 Nf6
15. Rac1 Rc8 16. Rfd1 Nd7 17. Qa3 Rc7 18. Rd2 Qa8 19. Qe3 Ne5 20. Bxe5 Bxe5 21.
Nxe5 Bxg2 22. Nf3 Bxf3 23. exf3 Qc8 24. Rd4 Qf5 25. b3 Qf6 26. Rcd1 Rb8 27. Rf4
Qg7 28. Re4 Qf6 29. a4 Rbb7 30. Kg2 Rc5 31. h4 h5 32. b4 Re5 33. Rxe5 Qxe5 34.
Qxe5 dxe5 35. Kf1 Rc7 36. Rc1 Kf8 37. Ke2 Ke8 38. Kd3 Kd7 39. Kc3 Rc6 40. Ra1
Rf6 41. Rd1+ Kc7 42. Rd3 e4 43. fxe4 Rxf2 44. e5 Ra2 45. Kd4 Kd7 46. a5 bxa5
47. b5 a4 48. Kc5+ Kc7 49. Rf3 Re2 50. Rxf7 Rxe5+ 51. Kb4 Re4 52. Rf3 Kb6 53.
Ra3 a5+ 54. bxa6 Kxa6 55. Rxa4+ Kb6 56. Ra5 e5 57. Rd5 Kc6 58. Ra5 Kb6 59. Ra8
Re3 60. Re8 Rxg3 61. Rxe5 Rg4 62. Re6+ Kc7 63. Kb5 Rxh4 64. c5 Rd4 65. Rc6+ Kb7
66. Rxg6 Rg4 67. Rh6 Rg7 68. Rb6+ Kc7 69. Ra6 Kb7 70. c6+ Kb8 71. Kb6 h4 72.
Ra4 Rh7 73. Re4 Rh8 74. Re7 h3 75. Rb7+ Kc8 76. Ra7 1-0

[Event "I Open Salinello A"]
[Site "Tortoreto ITA"]
[Date "2015.06.01"]
[Round "8"]
[White "Pijpers, Arthur"]
[Black "Strikovic, Aleksa"]
[WhiteElo "2428"]
[BlackElo "2526"]
[Result "1/2-1/2"]
[PlyCount "50"]
[EventDate "2015.05.26"]

1. e4 d6 2. d4 Nf6 3. Nc3 e5 4. Nf3 Nbd7 5. Bc4 Be7 6. a4 O-O 7. O-O c6 8. h3
b6 9. Qe2 a6 10. Rd1 Qc7 11. Ba2 Rb8 12. Be3 b5 13. axb5 axb5 14. b4 Nb6 15.
Bb3 Re8 16. d5 Bd7 17. Ra5 cxd5 18. Nxd5 Nbxd5 19. exd5 Ne4 20. Ra7 Qc8 21.
Rda1 Bd8 22. R1a6 Rb7 23. Ra8 Rb8 24. R8a7 Rb7 25. Ra8 Rb8 1/2-1/2

[Event "I Open Salinello A"]
[Site "Tortoreto ITA"]
[Date "2015.06.01"]
[Round "8"]
[White "Raznikov, Danny"]
[Black "Korneev, Oleg"]
[WhiteElo "2484"]
[BlackElo "2572"]
[Result "1/2-1/2"]
[PlyCount "70"]
[EventDate "2015.05.26"]

1. d4 d5 2. c4 c6 3. Nf3 Nf6 4. e3 Bf5 5. Nc3 e6 6. Nh4 Be4 7. f3 Bg6 8. Qb3
Qc7 9. Bd2 Be7 10. cxd5 Nxd5 11. Nxg6 hxg6 12. O-O-O Nd7 13. Nxd5 exd5 14. e4
Nb6 15. e5 O-O-O 16. Kb1 Kb8 17. f4 f6 18. Qg3 g5 19. fxg5 fxe5 20. dxe5 c5 21.
Bf4 d4 22. Be2 Ka8 23. e6 Qc6 24. Bf3 Qb5 25. Bc7 Nc4 26. b3 Rc8 27. Ka1 Ne3
28. Rc1 d3 29. Rc3 c4 30. bxc4 Qc5 31. Be5 Nc2+ 32. Kb2 Nd4 33. Ka1 Nc2+ 34.
Kb2 Nd4 35. Ka1 Nc2+ 1/2-1/2

[Event "I Open Salinello A"]
[Site "Tortoreto ITA"]
[Date "2015.06.01"]
[Round "8"]
[White "Sprenger, Jan Michael"]
[Black "Efroimski, Marsel"]
[WhiteElo "2503"]
[BlackElo "2244"]
[Result "1-0"]
[PlyCount "121"]
[EventDate "2015.05.26"]

1. e4 c5 2. Nf3 d6 3. d4 cxd4 4. Nxd4 Nf6 5. Nc3 Nc6 6. Bg5 e6 7. Qd2 Be7 8.
O-O-O O-O 9. f4 Nxd4 10. Qxd4 Qa5 11. Kb1 Rd8 12. h4 h6 13. Bd3 Qc5 14. Qxc5
dxc5 15. Bxf6 Bxf6 16. e5 Be7 17. g3 Bd7 18. Bb5 Bxb5 19. Nxb5 a6 20. Nc3 f6
21. exf6 gxf6 22. f5 exf5 23. Nd5 Kf7 24. Rhf1 Bd6 25. Rxf5 Be5 26. c4 Rd6 27.
g4 Kg7 28. g5 hxg5 29. hxg5 Rh8 30. Rdf1 Bd4 31. gxf6+ Kf7 32. Rg5 Bxf6 33.
Rgf5 Rh6 34. a4 b6 35. a5 bxa5 36. Ka2 Kg7 37. Rg1+ Rg6 38. Nxf6 Rdxf6 39.
Rxg6+ Kxg6 40. Rxc5 Kf7 41. Rxa5 Ke7 42. Rd5 Rb6 43. b3 Ke6 44. Ka3 Ke7 45. Ka4
Ke6 46. Rd3 Ke7 47. b4 Re6 48. Ka5 Re4 49. c5 Rc4 50. Rd6 Ke8 51. Rxa6 Kd7 52.
Kb5 Rh4 53. Ra7+ Kc8 54. Rg7 Kb8 55. c6 Rf4 56. Kc5 Ka8 57. b5 Rf8 58. Kb6 Rb8+
59. Ka6 Rc8 60. Ra7+ Kb8 61. c7+ 1-0

[Event "I Open Salinello A"]
[Site "Tortoreto ITA"]
[Date "2015.06.02"]
[Round "9"]
[White "Aghayev, Miragha"]
[Black "Movileanu, Daniela"]
[WhiteElo "2367"]
[BlackElo "2181"]
[Result "1-0"]
[PlyCount "59"]
[EventDate "2015.05.26"]

1. d4 e6 2. c4 Nf6 3. g3 Bb4+ 4. Bd2 Bxd2+ 5. Qxd2 O-O 6. Bg2 d5 7. Nc3 dxc4 8.
Nf3 Qe7 9. O-O c5 10. Qe3 cxd4 11. Qxd4 Nc6 12. Qxc4 e5 13. Qh4 Bf5 14. Qa4
Rfd8 15. Rac1 Nd4 16. Rfd1 b5 17. Qa5 Rab8 18. Nxd4 exd4 19. Nxb5 Qe5 20. a4
Be4 21. Bxe4 Nxe4 22. Qxa7 Qf6 23. f3 Ra8 24. Qb7 Nd6 25. Nxd6 Qxd6 26. Rc4 Qe5
27. Rcxd4 Rdb8 28. Qxa8 Qxd4+ 29. Rxd4 Rxa8 30. a5 1-0

[Event "I Open Salinello A"]
[Site "Tortoreto ITA"]
[Date "2015.06.02"]
[Round "9"]
[White "Basso, Pier Luigi"]
[Black "Bruno, Fabio"]
[WhiteElo "2429"]
[BlackElo "2425"]
[Result "1/2-1/2"]
[PlyCount "89"]
[EventDate "2015.05.26"]

1. c4 e6 2. g3 d5 3. Nf3 Nf6 4. Bg2 Be7 5. d4 O-O 6. O-O dxc4 7. Ne5 Nbd7 8.
Nxc4 c5 9. dxc5 Nxc5 10. Nc3 a5 11. Bf4 Bd7 12. Ne5 Qb6 13. Nxd7 Nfxd7 14. Na4
Qb5 15. Nxc5 Nxc5 16. Qc2 Rac8 17. Rac1 b6 18. Qc4 Qxc4 19. Rxc4 Rfd8 20. Rfc1
Bd6 21. Be3 Rb8 22. h4 Kf8 23. Bc6 Ke7 24. Bg5+ f6 25. Be3 Nd7 26. Be4 f5 27.
Bg5+ Nf6 28. Bc6 h6 29. Bf4 Bxf4 30. gxf4 Rd2 31. Bf3 Rbd8 32. R1c2 Rxc2 33.
Rxc2 Nd5 34. Rc4 Kd6 35. e3 Rg8 36. h5 Rd8 37. a3 Ne7 38. Rd4+ Kc7 39. Rc4+ Kd6
40. Rc1 Rc8 41. Rb1 Nd5 42. Kf1 Rc2 43. Bd1 Rc7 44. Ke1 Nf6 45. Bf3 1/2-1/2

[Event "I Open Salinello A"]
[Site "Tortoreto ITA"]
[Date "2015.06.02"]
[Round "9"]
[White "Efroimski, Marsel"]
[Black "Bove, Alessandro"]
[WhiteElo "2244"]
[BlackElo "2318"]
[Result "0-1"]
[PlyCount "152"]
[EventDate "2015.05.26"]

1. e4 c5 2. Nf3 a6 3. c3 g6 4. d4 cxd4 5. cxd4 d5 6. e5 Nc6 7. h3 Bg7 8. Bf4 f6
9. Nc3 fxe5 10. Nxe5 Nxe5 11. Bxe5 Bxe5 12. dxe5 e6 13. Bd3 Qb6 14. O-O Bd7 15.
Rc1 Ne7 16. Qf3 Qd4 17. Qg3 Nc6 18. Rcd1 O-O-O 19. Bxa6 Qxe5 20. f4 Qc7 21. Be2
Qb6+ 22. Kh1 Ne7 23. Rc1 Bc6 24. Na4 Qb4 25. Nc5 Nf5 26. Qd3 Rhe8 27. Rc3 d4
28. Rc4 Qxb2 29. Rc2 Ng3+ 30. Kg1 Nxe2+ 31. Qxe2 d3 32. Nxd3 Qd4+ 33. Nf2 e5
34. Rd1 Qb6 35. Rxd8+ Qxd8 36. fxe5 Kb8 37. Rc1 Qd5 38. Ng4 h5 39. Nf6 Rxe5 40.
Qf2 Qd6 41. Nh7 Rf5 42. Qe3 h4 43. Ng5 Re5 44. Nf7 Rxe3 45. Nxd6 Re2 46. Rc4
Rxg2+ 47. Kf1 Rd2 48. Ne4 Rxa2 49. Ke1 Bxe4 50. Rxe4 g5 51. Rg4 Ra5 52. Kd2 Rc5
53. Kd3 Kc7 54. Kd4 b6 55. Re4 Kd7 56. Re3 Rf5 57. Ke4 Ke6 58. Rb3 b5 59. Ra3
Rf4+ 60. Ke3 Rb4 61. Kf3 Kf5 62. Rd3 Rf4+ 63. Ke3 Re4+ 64. Kf3 Re5 65. Rd4 Rc5
66. Rb4 Ke5 67. Rg4 Kd6 68. Rg1 Re5 69. Kg4 b4 70. Rd1+ Kc5 71. Rc1+ Kd4 72.
Rc8 b3 73. Rb8 Kc4 74. Rc8+ Rc5 75. Rf8 b2 76. Rf1 Kb3 0-1

[Event "I Open Salinello A"]
[Site "Tortoreto ITA"]
[Date "2015.06.02"]
[Round "9"]
[White "Garcia Palermo, Carlos Horacio"]
[Black "Sprenger, Jan Michael"]
[WhiteElo "2427"]
[BlackElo "2503"]
[Result "1/2-1/2"]
[PlyCount "111"]
[EventDate "2015.05.26"]

1. Nf3 d5 2. g3 Nc6 3. Bg2 e5 4. d3 Nf6 5. O-O Bc5 6. Nxe5 Nxe5 7. d4 Bd6 8.
dxe5 Bxe5 9. c4 dxc4 10. Nd2 c3 11. bxc3 O-O 12. Nc4 Bxc3 13. Rb1 Qxd1 14. Rxd1
Be6 15. Ne3 Rab8 16. Ba3 Rfe8 17. Bxb7 Bxa2 18. Rbc1 Ba5 19. Bc6 Re6 20. Bf3 h6
21. Bc5 a6 22. Nf5 Rb2 23. Rd8+ Re8 24. Rcd1 Rb1 25. Rxb1 Bxb1 26. Ne7+ Kh7 27.
Rxe8 Nxe8 28. Bb7 Bb6 29. Bxb6 cxb6 30. Bxa6 Nc7 31. Bc4 f5 32. f3 g5 33. Kf2
f4 34. gxf4 gxf4 35. Ke1 Kg7 36. Kd2 Kf6 37. Nc6 Bg6 38. Nb4 Ke5 39. Kc3 Bf5
40. h4 Bg6 41. Nc6+ Kd6 42. Nb4 Kc5 43. Nd3+ Bxd3 44. Kxd3 Nd5 45. Bb3 Nf6 46.
Bf7 b5 47. Bb3 b4 48. Bf7 Nd5 49. Ke4 Nc3+ 50. Kxf4 Nxe2+ 51. Ke4 Nd4 52. f4 b3
53. Bxb3 Nxb3 54. Kf5 Kd6 55. Kg6 Ke7 56. Kxh6 1/2-1/2

[Event "I Open Salinello A"]
[Site "Tortoreto ITA"]
[Date "2015.06.02"]
[Round "9"]
[White "Greenfeld, Alon"]
[Black "Maiorov, Nikita"]
[WhiteElo "2544"]
[BlackElo "2563"]
[Result "1/2-1/2"]
[PlyCount "31"]
[EventDate "2015.05.26"]

1. Nf3 Nf6 2. c4 b6 3. g3 Bb7 4. Bg2 e6 5. O-O Be7 6. Nc3 O-O 7. Re1 d5 8. cxd5
exd5 9. d4 Na6 10. Bf4 c5 11. e3 Qd7 12. Qe2 Rfd8 13. Rad1 Qe8 14. Ne5 Ne4 15.
h4 f6 16. Nc4 1/2-1/2

[Event "I Open Salinello A"]
[Site "Tortoreto ITA"]
[Date "2015.06.02"]
[Round "9"]
[White "Korneev, Oleg"]
[Black "Pijpers, Arthur"]
[WhiteElo "2572"]
[BlackElo "2428"]
[Result "1/2-1/2"]
[PlyCount "59"]
[EventDate "2015.05.26"]

1. e4 e6 2. d4 d5 3. Nd2 c5 4. Ngf3 cxd4 5. Nxd4 Nc6 6. Bb5 Bd7 7. Nxc6 bxc6 8.
Bd3 Bd6 9. Qe2 Ne7 10. O-O Ng6 11. Nf3 O-O 12. e5 Bc7 13. Ng5 Qe8 14. f4 f5 15.
c4 h6 16. Nf3 Bb6+ 17. Kh1 c5 18. h3 d4 19. Kh2 a5 20. Bd2 a4 21. Rad1 Ba5 22.
Bc1 Ra7 23. Rg1 Bc6 24. Rdf1 Qa8 25. g4 fxg4 26. Rxg4 Bxf3 27. Rxf3 Nxe5 28.
Qxe5 Qxf3 29. Qxe6+ Raf7 30. Rxg7+ 1/2-1/2

[Event "I Open Salinello A"]
[Site "Tortoreto ITA"]
[Date "2015.06.02"]
[Round "9"]
[White "Pap, Misa"]
[Black "Boruchovsky, Avital"]
[WhiteElo "2488"]
[BlackElo "2517"]
[Result "1/2-1/2"]
[PlyCount "42"]
[EventDate "2015.05.26"]

1. e4 c5 2. c3 d5 3. exd5 Qxd5 4. d4 g6 5. Nf3 Bg7 6. Na3 cxd4 7. Bc4 Qe4+ 8.
Be3 Nh6 9. Bd3 Qd5 10. Bc4 Qe4 11. cxd4 O-O 12. Nb5 Nf5 13. Nc7 Nc6 14. Nxa8
Ncxd4 15. Nxd4 Nxd4 16. O-O Bh3 17. gxh3 Nf3+ 18. Kh1 Nd2+ 19. Kg1 Nf3+ 20. Kh1
Nd2+ 21. Kg1 Nf3+ 1/2-1/2

[Event "I Open Salinello A"]
[Site "Tortoreto ITA"]
[Date "2015.06.02"]
[Round "9"]
[White "Stopa, Jacek"]
[Black "Raznikov, Danny"]
[WhiteElo "2528"]
[BlackElo "2484"]
[Result "1/2-1/2"]
[PlyCount "35"]
[EventDate "2015.05.26"]

1. d4 d5 2. c4 c6 3. Nc3 Nf6 4. Nf3 dxc4 5. a4 Bf5 6. e3 e6 7. Bxc4 Bb4 8. O-O
Nbd7 9. Nh4 O-O 10. h3 Be4 11. Nxe4 Nxe4 12. Nf3 Qa5 13. Bd3 Nd6 14. Nd2 e5 15.
Nb3 Qd5 16. dxe5 Nxe5 17. Bc2 Rfd8 18. Qxd5 1/2-1/2

[Event "I Open Salinello A"]
[Site "Tortoreto ITA"]
[Date "2015.06.02"]
[Round "9"]
[White "Strikovic, Aleksa"]
[Black "Moroni, Luca jr"]
[WhiteElo "2526"]
[BlackElo "2437"]
[Result "1/2-1/2"]
[PlyCount "47"]
[EventDate "2015.05.26"]

1. e4 e6 2. d3 d5 3. Qe2 Nc6 4. Nf3 d4 5. g3 e5 6. Bg2 Nf6 7. O-O Be7 8. c3 Be6
9. Nbd2 a5 10. cxd4 exd4 11. Ng5 Bg4 12. f3 Bd7 13. Nc4 h6 14. Nh3 b5 15. Na3
Rb8 16. e5 Nd5 17. f4 Bxh3 18. Bxh3 O-O 19. Bg2 Ncb4 20. Be4 f5 21. exf6 Nxf6
22. Bd2 Nxe4 23. Qxe4 Qd7 24. Rfe1 1/2-1/2

[Event "I Open Salinello A"]
[Site "Tortoreto ITA"]
[Date "2015.06.02"]
[Round "9"]
[White "Valsecchi, Alessio"]
[Black "Dvirnyy, Danyyil"]
[WhiteElo "2445"]
[BlackElo "2540"]
[Result "1/2-1/2"]
[PlyCount "23"]
[EventDate "2015.05.26"]

1. d4 d5 2. c4 c6 3. Nf3 Nf6 4. cxd5 cxd5 5. Nc3 Nc6 6. Bf4 Bf5 7. e3 a6 8. Bd3
Bxd3 9. Qxd3 e6 10. O-O Bd6 11. Bxd6 Qxd6 12. Rfc1 1/2-1/2

[Event "XXVI C.to NATO"]
[Site "Amsterdam NED"]
[Date "2015.07.06"]
[Round "1"]
[White "Morrison, Munroe L."]
[Black "Tocco, Paolo"]
[WhiteElo "1844"]
[BlackElo "2129"]
[Result "0-1"]
[PlyCount "62"]
[EventDate "2015.07.06"]

1. e4 Nc6 2. d4 e5 3. Nf3 exd4 4. Nxd4 Qh4 5. Nc3 Bb4 6. Be2 a6 7. O-O Bxc3 8.
Nf5 Qf6 9. bxc3 d6 10. Re1 Bxf5 11. exf5 Nge7 12. Bd3 O-O 13. Qh5 g6 14. Qf3
Qxc3 15. Bh6 Rfe8 16. fxg6 Nxg6 17. Red1 Re6 18. Bd2 Qf6 19. Qh3 Nce5 20. Bf5
Ree8 21. f4 Nc6 22. Bc3 Qh4 23. Qd3 Nxf4 24. g3 Nxd3 25. gxh4 Nde5 26. Kf2 Kg7
27. Bd2 f6 28. Rg1+ Kf7 29. Bxh7 Rh8 30. Bf5 Rxh4 31. h3 Nd4 0-1

[Event "XXVI C.to NATO"]
[Site "Amsterdam NED"]
[Date "2015.07.06"]
[Round "1"]
[White "Picart, Laurent"]
[Black "Crapulli, Giuseppe"]
[WhiteElo "2142"]
[BlackElo "1862"]
[Result "0-1"]
[PlyCount "66"]
[EventDate "2015.07.06"]

1. d4 Nf6 2. Nf3 b6 3. Bg5 Bb7 4. Nbd2 e6 5. e4 h6 6. Bxf6 Qxf6 7. Bd3 d6 8.
Qe2 Qe7 9. O-O-O g6 10. Rhe1 Bg7 11. Kb1 Nd7 12. Ba6 Bxa6 13. Qxa6 O-O 14. h4
Nf6 15. e5 dxe5 16. Nxe5 Nd7 17. g3 c5 18. Qb7 Bxe5 19. dxe5 Rfb8 20. Qf3 b5
21. Qf4 Kg7 22. Ne4 Rc8 23. Nd6 Rcb8 24. Re3 a6 25. Rf3 f5 26. exf6+ Nxf6 27.
Qe5 Rf8 28. Qxc5 Kh7 29. Rfd3 Nd5 30. f4 Rfc8 31. Rxd5 Rxc5 32. Rxc5 Rd8 33.
Rc6 Qb7 0-1